000 00688nam a22002177a 4500
003 0
005 20240725151552.0
008 240725b xxu||||| |||| 00| 0 eng d
020 _a9781984679598
050 _aQA 76.9
_b.T47 2023
100 _a3G E-Learning
245 _aInformation security
_c3G E-Learning
250 _a3rd edition
260 _aNew York
_b3G E-Learning LLC
_c2023
300 _axii. 341 pages :
_bcolored illustrations ;
_c26cm.
504 _aIncludes bibliographical references and index.
650 _aBig data--security measures.
650 _aInformation resources management--security measures.
650 _acomputer security.
942 _2lcc
_cBK
999 _c366029
_d366029